| 000 | 00855cam a2200253Li 4500 | ||
|---|---|---|---|
| 001 | ocm79895850 | ||
| 003 | OCoLC | ||
| 005 | 20130502101711.0 | ||
| 008 | 030707s2002 fr e 000 0 fre d | ||
| 040 |
_aRLINP _beng _cRLINP _dOCLCQ |
||
| 020 | _a2748007069 | ||
| 020 | _a9782748007060 | ||
| 035 | _a(OCoLC)79895850 | ||
| 082 | 0 | 4 |
_a262.13 _221 |
| 049 | _aTZAA | ||
| 100 | 1 | _aKatshioko Kapita, Omer. | |
| 245 | 1 | 0 |
_aJean Paul II à l'Afrique : _bun message d'espérance / _cabbé Omer Katshioko Kapita ; préf. de Mgr Leonard André Mutien ... |
| 260 |
_e(Paris : _bEd. des écrivains, 2002) |
||
| 300 |
_a131 p. ; _c21 cm. |
||
| 500 | _aContient un choix de textes de Jean-Paul II. | ||
| 600 | 0 | 4 |
_aJean-Paul _bII, _cpape, _d1920- ... _xEt l'Afrique. |
| 650 | 7 |
_aÉglise catholique _zAfrique _xDocuments pontificaux. _2ram |
|
| 994 |
_aC0 _bTZACH |
||
| 999 |
_c2216 _d2216 |
||